00391nam a22001217a 4500008004100000041000800041082001700049110005400066245005400120260006400174300001700238650001400255200918b ||||| |||| 00| 0 eng d0 aeng00a954.08bM712 aMinistry of information and Broad Casting, India.10aThe Collected Works of Mahatma Gandhi, Vol - IX / aDelhi :b Ministry of information and Broad Casting,c1963. axxiv, 668 p. 0aBiography